| 000 | 00664nam a22002297a 4500 | ||
|---|---|---|---|
| 003 | OSt | ||
| 008 | 250610b |||||||| |||| 00| 0 eng d | ||
| 020 | _a9789393168863 | ||
| 082 |
_a579 _bP38P |
||
| 100 | _aPelczar, Micheal J. | ||
| 245 |
_aPelczar's Microbiology / _cby Micheal J. Pelczar, E. C. S. Chain and Noel R. Krieg; edited by K. R. Aneja |
||
| 250 | _a6th revised ed. reprint | ||
| 260 |
_a.- New Delhi _b: Scientific International _c, 2025 |
||
| 300 | _axi,924p | ||
| 650 | _aPure Sciences | ||
| 650 | _aBiology | ||
| 650 | _aMicrobiology | ||
| 700 | _aE.C.S. Chain | ||
| 700 | _aNoel R. Krieg | ||
| 700 | _aK.R. Aneja | ||
| 942 |
_2ddc _cBK _014 |
||
| 999 |
_c48219 _d48219 |
||